00253nam a22001217a 4500003000400000020002200004082001900026100002000045245002000065250000800085260003000093300000800123SGT a978-1-4129-3748-1 a306.8501bF08W aWHITE, JAMES M. aFAMILY THEORIES a3RD aLOS ANGELES bSAGE c2008 a333